Problems faced by woman workers in coimbatore / (Record no. 42042)

MARC details
000 -LEADER
fixed length control field 00684nam a22001937a 4500
005 - DATE AND TIME OF LATEST TRANSACTION
control field 20100816101639.0
010 ## - LCCN (DPL NO)
LC control number ENG-100539
020 ## - INTERNATIONAL STANDARD BOOK NUMBER
Terms of availability 50.00
035 ## - SYSTEM CONTROL NUMBER
System control number EN-84072
037 ## - SOURCE OF ACQUISITION
Source of stock number/acquisition DBAD/PUB
082 ## - DEWEY DECIMAL CLASSIFICATION NUMBER
Classification number 331.4095431
100 ## - MAIN ENTRY--PERSONAL NAME
Personal name Meera, A.
245 ## - TITLE STATEMENT
Title Problems faced by woman workers in coimbatore /
Statement of responsibility, etc by A. Meera
260 ## - PUBLICATION, DISTRIBUTION, ETC. (IMPRINT)
Place of publication, distribution, etc Coimbatore
Name of publisher, distributor, etc Garuda Publications
Date of publication, distribution, etc 2008
270 ## - ADDRESS
Address 79A, D.B. Road, R.S. Puram
City Coimbatore
Postal code 641002
300 ## - PHYSICAL DESCRIPTION
Extent 107p.
Dimensions 21cm (pbk)
942 ## - ADDED ENTRY ELEMENTS (KOHA)
Source of classification or shelving scheme Dewey Decimal Classification
Item type English Books
Classification part 331.4095431
Call number suffix MEE
Holdings
Withdrawn status Lost status Not for loan Collection code Home library Current library Date acquired Source of acquisition Cost, normal purchase price Full call number Barcode Copy number Cost, replacement price Koha item type
    Not For Loan Non-fiction D.B.Act.Division D.B.Act.Division 16/08/2010 DBAD/PUB 50.00 331.4095431 MEE EN-84072 1 50.00 English Books

© Delhi Public Library
Hit Counter
free hit counter